| 000 | 00364nam a22001697a 4500 | ||
|---|---|---|---|
| 999 |
_c11515 _d11515 |
||
| 003 | OSt | ||
| 008 | 220906b ||||| |||| 00| 0 eng d | ||
| 020 | _a9789353166281 | ||
| 082 | _a658.5 RAT | ||
| 100 | _aRATTAN,SS | ||
| 245 | _aTheory of Machines | ||
| 250 | _a5th | ||
| 260 |
_aNew Delhi _bTMH _c2022 |
||
| 300 | _a862 | ||
| 650 | _aME | ||
| 942 |
_2ddc _cBK _08 |
||